[Event "Brasilia op"]
[Site "Brasilia"]
[Date "2012.??.??"]
[Round "1"]
[White "Damasceno, Marlos de Almedia"]
[Black "Magalhaes, Sebastiao Silva Jr"]
[Result "0-1"]
[WhiteElo "2168"]
[BlackElo "1782"]
[PlyCount "78"]
[EventDate "2012.09.06"]
[EventType "swiss"]
[EventRounds "6"]
[EventCountry "BRA"]
[SourceTitle "CBM 150 Extra"]
[Source "ChessBase"]
[SourceDate "2012.10.19"]
[SourceVersion "1"]
[SourceVersionDate "2012.10.19"]
[SourceQuality "1"]

1. f4 d5 2. Nf3 Nf6 3. b3 Nc6 4. Bb2 Bf5 5. e3 e6 6. Bb5 a6 7. Bxc6+ bxc6 8. 0-0 Be7 9. Ne5 c5 10. Nc6 Qd6 11. Nxe7 Qxe7 12. d3 0-0 13. Nd2 Rfd8 14. Qe1 Ne8 15. e4 dxe4 16. dxe4 Bg6 17. Nc4 Nd6 18. Qc3 f6 19. Nxd6 cxd6 20. f5 Be8 21. Qg3 e5 22. c4 Bc6 23. Qh4 Qb7 24. Rae1 a5 25. Rf3 a4 26. Rh3 h6 27. Bc1 Kf7 28. Rg3 Rg8 29. Qh5+ Ke7 30. Qg6 Be8 31. Qg4 Bf7 32. Rd3 axb3 33. axb3 Ra6 34. Red1 Qa8 35. Be3 Qc6 36. h4 Qe8 37. Rxd6 Rxd6 38. Bxc5 Bh5 39. Bxd6+ Kd7 0-1

[Event "Brasilia op"]
[Site "Brasilia"]
[Date "2012.??.??"]
[Round "3"]
[White "Silva, Gustavo Queiroz Dos"]
[Black "Damasceno, Marlos de Almedia"]
[Result "1/2-1/2"]
[WhiteElo "1915"]
[BlackElo "2168"]
[PlyCount "39"]
[EventDate "2012.09.06"]
[EventType "swiss"]
[EventRounds "6"]
[EventCountry "BRA"]
[SourceTitle "CBM 150 Extra"]
[Source "ChessBase"]
[SourceDate "2012.10.19"]
[SourceVersion "1"]
[SourceVersionDate "2012.10.19"]
[SourceQuality "1"]

1. e4 Nc6 2. Bb5 d5 3. Bxc6+ bxc6 4. Nc3 e6 5. d3 Rb8 6. Nf3 Nf6 7. 0-0 Be7 8. a3 a5 9. b3 Ba6 10. Re1 0-0 11. Ne5 Bb7 12. Bf4 c5 13. exd5 exd5 14. Ng4 Nxg4 15. Qxg4 Bf6 16. Be5 Bc6 17. Qf4 Bxe5 18. Rxe5 Re8 19. Rae1 Rxe5 20. Rxe5 1/2-1/2

[Event "BRA-ch sf"]
[Site "Brasilia"]
[Date "2011.11.02"]
[Round "7"]
[White "Gauche, Charles"]
[Black "Damasceno, Marlos de Almedia"]
[Result "1/2-1/2"]
[WhiteElo "2279"]
[BlackElo "2149"]
[PlyCount "88"]
[EventDate "2011.10.29"]
[EventType "swiss"]
[EventRounds "8"]
[EventCountry "BRA"]
[SourceTitle "EXT 2012"]
[Source "ChessBase"]
[SourceDate "2011.11.24"]
[SourceVersion "1"]
[SourceVersionDate "2011.11.24"]
[SourceQuality "1"]

1. d4 Nf6 2. c4 c5 3. Nf3 e6 4. e3 cxd4 5. exd4 d5 6. Nc3 Nc6 7. Bg5 Be7 8. Be2 0-0 9. 0-0 dxc4 10. Bxc4 Nd5 11. Bxe7 Ncxe7 12. Rc1 Ng6 13. Re1 a6 14. Ne4 Bd7 15. Nc5 Bc6 16. Bf1 Rc8 17. Qb3 Qb6 18. Ne5 Qxb3 19. Nxb3 Nxe5 20. dxe5 Nb4 21. a3 Bd5 22. Rxc8 Rxc8 23. Rc1 Rxc1 24. Nxc1 Nc6 25. f4 f6 26. exf6 gxf6 27. Kf2 Kf7 28. Ke3 e5 29. g3 Nd4 30. Bd3 h6 31. fxe5 fxe5 32. Be4 Ke6 33. g4 b5 34. h4 a5 35. Bd3 b4 36. axb4 axb4 37. Be4 b3 38. Bh7 Kf6 39. Be4 Be6 40. Bf3 Nc2+ 41. Kd2 Nd4 42. Ke3 Nc2+ 43. Ke4 Ne1 44. Bd1 Nc2 1/2-1/2

[Event "BRA-ch sf"]
[Site "Brasilia"]
[Date "2011.11.01"]
[Round "6"]
[White "Damasceno, Marlos de Almedia"]
[Black "Da Silva, Carlos Alessandro A"]
[Result "1/2-1/2"]
[WhiteElo "2149"]
[BlackElo "2262"]
[PlyCount "117"]
[EventDate "2011.10.29"]
[EventType "swiss"]
[EventRounds "8"]
[EventCountry "BRA"]
[SourceTitle "EXT 2012"]
[Source "ChessBase"]
[SourceDate "2011.11.24"]
[SourceVersion "1"]
[SourceVersionDate "2011.11.24"]
[SourceQuality "1"]

1. f4 c5 2. Nf3 Qc7 3. e3 g6 4. d4 Bg7 5. Nc3 cxd4 6. exd4 Nh6 7. Nb5 Qb6 8. c4 a6 9. Nc3 d6 10. Qb3 Nd7 11. Nd5 Qd8 12. Bd3 0-0 13. 0-0 b6 14. Be4 Ra7 15. Nb4 Rc7 16. Nd5 Ra7 17. Nb4 Nb8 18. Be3 Ng4 19. Bd2 Nf6 20. Bd3 e6 21. Rae1 Bb7 22. a4 Nbd7 23. Bc3 Qa8 24. Qc2 d5 25. cxd5 Nxd5 26. Nxd5 Bxd5 27. Ne5 Rc8 28. Qe2 Nf8 29. h4 f6 30. Nc4 Rb8 31. h5 b5 32. axb5 axb5 33. Ne3 b4 34. Bd2 f5 35. hxg6 hxg6 36. Nxd5 Qxd5 37. Bc4 Bxd4+ 38. Kh2 Qd6 39. Bxe6+ Nxe6 40. Qxe6+ Qxe6 41. Rxe6 Kf7 42. Rc6 Bxb2 43. Rb1 Rh8+ 44. Kg3 Ra3+ 45. Kf2 Bd4+ 46. Ke2 Re8+ 47. Kd1 b3 48. Rc4 Re4 49. Bc1 Ra1 50. Rxb3 Rxf4 51. Ke2 Rf2+ 52. Kd3 Ba7 53. Rb7+ Ke6 54. Rc6+ Kd5 55. Rxg6 Rxc1 56. Rxa7 Rfc2 57. Ra5+ Rc5 58. Rxc5+ Rxc5 59. g4 1/2-1/2

[Event "BRA-ch sf"]
[Site "Brasilia"]
[Date "2011.10.31"]
[Round "5"]
[White "Damasceno, Marlos de Almedia"]
[Black "Martins, Romildo Magalhaes"]
[Result "1-0"]
[WhiteElo "2149"]
[BlackElo "2004"]
[PlyCount "52"]
[EventDate "2011.10.29"]
[EventType "swiss"]
[EventRounds "8"]
[EventCountry "BRA"]
[SourceTitle "EXT 2012"]
[Source "ChessBase"]
[SourceDate "2011.11.24"]
[SourceVersion "1"]
[SourceVersionDate "2011.11.24"]
[SourceQuality "1"]

1. f4 e5 2. fxe5 d6 3. exd6 Bxd6 4. Nf3 g5 5. d4 h6 6. Qd3 f5 7. e4 fxe4 8. Qxe4+ Ne7 9. Bd3 Nbc6 10. c3 Bf5 11. Qe2 Bxd3 12. Qxd3 Qd7 13. 0-0 0-0-0 14. Nbd2 g4 15. Nh4 g3 16. hxg3 Ne5 17. Qe2 Ng4 18. Ne4 h5 19. Nxd6+ Qxd6 20. Bf4 Qd7 21. Rae1 Rde8 22. Qe6 Nd5 23. Qxd7+ Kxd7 24. Ng6 Rhg8 25. Ne5+ Kc8 26. Nxg4 Rxe1 1-0

[Event "BRA-ch sf"]
[Site "Brasilia"]
[Date "2011.10.29"]
[Round "2"]
[White "Balzani, Diones"]
[Black "Damasceno, Marlos de Almedia"]
[Result "0-1"]
[WhiteElo "1753"]
[BlackElo "2149"]
[PlyCount "66"]
[EventDate "2011.10.29"]
[EventType "swiss"]
[EventRounds "8"]
[EventCountry "BRA"]
[SourceTitle "EXT 2012"]
[Source "ChessBase"]
[SourceDate "2011.11.24"]
[SourceVersion "1"]
[SourceVersionDate "2011.11.24"]
[SourceQuality "1"]

1. d4 Nf6 2. Nf3 c5 3. e3 g6 4. g3 Bg7 5. Bg2 0-0 6. 0-0 cxd4 7. exd4 d6 8. c4 Nc6 9. Nc3 Bg4 10. h3 Bd7 11. Re1 Re8 12. b3 e5 13. d5 Ne7 14. Rb1 a6 15. a4 Bf5 16. Ra1 Rc8 17. Nh4 Bd7 18. Ne4 Nxe4 19. Bxe4 Bxh3 20. Kh2 Bd7 21. Ba3 f5 22. Bh1 Qb6 23. Qc2 e4 24. Bb2 Bxb2 25. Qxb2 Rxc4 26. a5 Qd4 27. Qxd4 Rxd4 28. Red1 Rxd5 29. Rdc1 Bc6 30. Ng2 Rd2 31. Kg1 Nd5 32. Ne1 e3 33. fxe3 Rxe3 0-1

[Event "Brasilia"]
[Site "Brasilia"]
[Date "2011.08.28"]
[Round "12"]
[White "Rezende, Guilherme Vilela"]
[Black "Damasceno, Marlos de Almedia"]
[Result "1-0"]
[WhiteElo "2033"]
[BlackElo "2167"]
[PlyCount "101"]
[EventDate "2011.08.15"]
[EventType "tourn"]
[EventRounds "13"]
[EventCountry "BRA"]
[SourceTitle "CBM 144 Extra"]
[Source "ChessBase"]
[SourceDate "2011.10.28"]
[SourceVersion "1"]
[SourceVersionDate "2011.10.28"]
[SourceQuality "1"]

1. d4 Nf6 2. c4 c5 3. d5 e6 4. Nc3 d6 5. e4 e5 6. g3 g6 7. Bh3 Bd7 8. Kf1 a6 9. a4 Bg7 10. Kg2 0-0 11. f3 Ne8 12. Bxd7 Nxd7 13. Nh3 b6 14. Qe2 Rb8 15. Ng5 h6 16. Nh3 f5 17. Rf1 Ndf6 18. Ra3 Qd7 19. Rb3 Nc7 20. Nf2 Rb7 21. h3 Rfb8 22. exf5 gxf5 23. g4 b5 24. axb5 axb5 25. gxf5 bxc4 26. Rxb7 Rxb7 27. Ng4 Qxf5 28. Bxh6 Ncxd5 29. Qxc4 Kh7 30. Nxd5 Rxb2+ 31. Rf2 Rxf2+ 32. Kxf2 Nxd5 33. Bxg7 Nf4 34. Bf6 d5 35. Qa4 Nxh3+ 36. Kg2 Nf4+ 37. Kf2 Nd3+ 38. Kg3 Qf4+ 39. Qxf4 exf4+ 40. Kg2 Kg6 41. Ne5+ Nxe5 42. Bxe5 Kf5 43. Bd6 c4 44. Kf2 d4 45. Ke2 Kg5 46. Be5 d3+ 47. Kd2 Kf5 48. Bd4 Ke6 49. Kc3 Kd6 50. Bf2 Ke5 51. Be1 1-0

[Event "Brasilia"]
[Site "Brasilia"]
[Date "2011.08.16"]
[Round "2"]
[White "Damasceno, Marlos de Almedia"]
[Black "Lebredo Zaragoitia, Gerardo"]
[Result "0-1"]
[WhiteElo "2167"]
[BlackElo "2245"]
[PlyCount "100"]
[EventDate "2011.08.15"]
[EventType "tourn"]
[EventRounds "13"]
[EventCountry "BRA"]
[SourceTitle "CBM 144 Extra"]
[Source "ChessBase"]
[SourceDate "2011.10.28"]
[SourceVersion "1"]
[SourceVersionDate "2011.10.28"]
[SourceQuality "1"]

1. f4 d5 2. Nf3 g6 3. e3 Bg7 4. d4 Nf6 5. Bd3 0-0 6. 0-0 c5 7. c3 Nc6 8. Nbd2 b6 9. Ne5 Bb7 10. Qf3 Qc7 11. Qh3 Nxe5 12. dxe5 Ne4 13. Nf3 Bc8 14. Qh4 f6 15. c4 e6 16. Bxe4 dxe4 17. exf6 Bxf6 18. Ng5 Qg7 19. Qg3 Bxg5 20. Qxg5 Ba6 21. Bd2 Qxb2 22. Rfd1 Rad8 23. Rab1 Qf6 24. Qxf6 Rxf6 25. Be1 Rd3 26. Rxd3 exd3 27. Rc1 Rf7 28. Rc3 Rd7 29. Bd2 Kf7 30. Kf2 e5 31. fxe5 Ke6 32. a4 Kxe5 33. Rc1 Ke4 34. a5 Rf7+ 35. Ke1 Rf5 36. Rb1 Rf6 37. Bc3 Rd6 38. Kd2 Bxc4 39. axb6 axb6 40. Rf1 g5 41. Rf8 b5 42. Rc8 Ra6 43. Rxc5 Ra2+ 44. Kd1 Rxg2 45. Re5+ Kf3 46. Bd2 Bb3+ 47. Kc1 Ke2 48. Bb4 Rg1+ 49. Kb2 Bc4 50. Rf5 d2 0-1

[Event "BRA-ch Center East"]
[Site "Brazil"]
[Date "2011.06.26"]
[Round "7"]
[White "Farias, Sergio A"]
[Black "Damasceno, Marlos de Almedia"]
[Result "1-0"]
[WhiteElo "2126"]
[BlackElo "2167"]
[PlyCount "89"]
[EventDate "2011.06.22"]
[EventType "swiss"]
[EventRounds "7"]
[EventCountry "BRA"]
[SourceTitle "EXT 2013"]
[Source "ChessBase"]
[SourceDate "2012.11.22"]
[SourceVersion "1"]
[SourceVersionDate "2012.11.22"]
[SourceQuality "1"]

1. Nf3 Nc6 2. d4 d6 3. c4 Nf6 4. Nc3 g6 5. e4 Bg7 6. g3 0-0 7. Bg2 Bg4 8. h3 Bxf3 9. Bxf3 e5 10. d5 Nd4 11. Bg2 c6 12. 0-0 cxd5 13. cxd5 Rc8 14. Be3 Qb6 15. Qd2 Nd7 16. Rab1 Rc4 17. Rfc1 Rfc8 18. Kh2 Qa5 19. Qd1 Qd8 20. Bf1 R4c5 21. Ne2 a6 22. b4 Rxc1 23. Rxc1 Nxe2 24. Bxe2 f5 25. f3 h6 26. exf5 gxf5 27. Bd3 Rxc1 28. Qxc1 Qf6 29. Qc8+ Nf8 30. Bxf5 e4 31. Bxe4 Qb2+ 32. Qc2 Qxb4 33. h4 b5 34. Bf4 a5 35. g4 a4 36. Qc1 Qc5 37. a3 Qf2+ 38. Kh3 Bb2 39. Qb1 Bxa3 40. Qxb5 Bc5 41. Bxh6 a3 42. g5 a2 43. Qe8 Qf1+ 44. Kg4 Qg2+ 45. Kh5 1-0

[Event "BRA-ch Center East"]
[Site "Brazil"]
[Date "2011.06.24"]
[Round "4"]
[White "Damasceno, Marlos de Almedia"]
[Black "Pinto, Carlos Henrique Lop"]
[Result "0-1"]
[WhiteElo "2167"]
[BlackElo "2078"]
[PlyCount "90"]
[EventDate "2011.06.22"]
[EventType "swiss"]
[EventRounds "7"]
[EventCountry "BRA"]
[SourceTitle "EXT 2013"]
[Source "ChessBase"]
[SourceDate "2012.11.22"]
[SourceVersion "1"]
[SourceVersionDate "2012.11.22"]
[SourceQuality "1"]

1. f4 d5 2. Nf3 Nc6 3. b3 Bg4 4. Bb2 f6 5. d4 Nh6 6. e3 a6 7. h3 Bxf3 8. Qxf3 e6 9. Nd2 Nb4 10. Bd3 Qd7 11. e4 0-0-0 12. 0-0 f5 13. e5 Nxd3 14. Qxd3 Be7 15. c4 g5 16. fxg5 Bxg5 17. Nf3 Be7 18. cxd5 Qxd5 19. Rac1 Kb8 20. Rc4 Rhg8 21. Rfc1 Rd7 22. R1c2 Nf7 23. Qe2 h5 24. Bc1 c6 25. Bf4 Rg6 26. Qe3 Rd8 27. Re2 Rdg8 28. Rcc2 R8g7 29. a4 Bd8 30. Rc5 Qd7 31. b4 Be7 32. Rc4 Qd5 33. Rcc2 Bg5 34. Rc5 Bxf4 35. Qxf4 Qb3 36. Rec2 Ng5 37. Nxg5 Rxg5 38. b5 axb5 39. axb5 Qb1+ 40. Qc1 Qxb5 41. Rd2 Rg3 42. Qb2 Qb3 43. Qa1 Rxh3 44. Rf2 Rd3 45. Qa5 Rd1+ 0-1

[Event "Sindilegis op-A"]
[Site "Sindilegis"]
[Date "2009.11.02"]
[Round "5"]
[White "Santos Filho, Claudio"]
[Black "Damasceno, Marlos de Almedia"]
[Result "0-1"]
[WhiteElo "1953"]
[BlackElo "2164"]
[PlyCount "44"]
[EventDate "2009.10.31"]
[EventType "swiss"]
[EventRounds "6"]
[EventCountry "BRA"]
[SourceTitle "EXT 2012"]
[Source "ChessBase"]
[SourceDate "2011.11.24"]
[SourceVersion "1"]
[SourceVersionDate "2011.11.24"]
[SourceQuality "1"]

1. e4 Nc6 2. d3 e5 3. Nf3 Nf6 4. Qe2 d5 5. Bg5 Bg4 6. c3 Be7 7. g3 Qd7 8. Bg2 dxe4 9. dxe4 0-0-0 10. Bxf6 gxf6 11. Nbd2 f5 12. 0-0-0 Qe6 13. Kb1 fxe4 14. Nxe4 f5 15. Rxd8+ Rxd8 16. Neg5 Qg6 17. Qb5 e4 18. Re1 Bxg5 19. Nxg5 Qxg5 20. Bxe4 Qd2 21. Bxf5+ Kb8 22. Rc1 Rd5 0-1

[Event "BRA TR Centro-Oeste"]
[Site "Brasilia"]
[Date "2008.09.20"]
[Round "3.11"]
[White "Damasceno, Marlos de Almedia"]
[Black "Rodrigues de Souza, Jaldemar"]
[Result "1-0"]
[WhiteElo "2169"]
[BlackElo "1926"]
[PlyCount "63"]
[EventDate "2008.09.19"]
[EventType "swiss"]
[EventRounds "6"]
[EventCountry "BRA"]
[SourceTitle "EXT 2022"]
[Source "ChessBase"]
[SourceDate "2021.10.06"]
[SourceVersion "1"]
[SourceVersionDate "2021.10.06"]
[SourceQuality "1"]

1. f4 Nf6 2. b3 g6 3. Bb2 Bg7 4. Nf3 Nc6 5. e3 d6 6. Bb5 Bd7 7. 0-0 0-0 8. d3 a6 9. Bxc6 Bxc6 10. e4 b5 11. Qe1 Bb7 12. Nbd2 c5 13. Kh1 Qc7 14. Qh4 h6 15. Rae1 Rae8 16. e5 Nh7 17. Qg3 Bc8 18. h4 Qd7 19. e6 fxe6 20. Qxg6 Rf7 21. Bxg7 Rxg7 22. Qxh6 Rf8 23. Ng5 Rf6 24. Qh5 Qd8 25. Nde4 Rf8 26. Re3 e5 27. g3 exf4 28. Rxf4 Bf5 29. Ref3 Qd7 30. Nxh7 Rxh7 31. Qg5+ Rg7 32. Rxf5 1-0

[Event "Brasiliense-ch 45th"]
[Site "Brasilia"]
[Date "2005.11.??"]
[Round "5"]
[White "Damasceno, Marlos de Almedia"]
[Black "Nascimento, Davi da Silva"]
[Result "0-1"]
[WhiteElo "2171"]
[BlackElo "2153"]
[PlyCount "118"]
[EventDate "2005.11.??"]
[EventType "swiss"]
[EventRounds "7"]
[EventCountry "BRA"]
[SourceTitle "EXT 2022"]
[Source "ChessBase"]
[SourceDate "2021.10.06"]
[SourceVersion "1"]
[SourceVersionDate "2021.10.06"]
[SourceQuality "1"]

1. f4 d5 2. e3 Nf6 3. b3 d4 4. Be2 dxe3 5. dxe3 Qxd1+ 6. Bxd1 Bf5 7. Ne2 e6 8. Nd4 c6 9. Ba3 Nbd7 10. Bxf8 Rxf8 11. Na3 0-0-0 12. 0-0 Bg4 13. Nc4 Bxd1 14. Raxd1 g6 15. a4 Kc7 16. Kf2 a6 17. Kf3 c5 18. Ne2 Nd5 19. e4 N5b6 20. Ne3 f5 21. e5 g5 22. a5 Nc8 23. Nc4 g4+ 24. Ke3 b5 25. Nb2 Nb8 26. c4 Kc6 27. b4 Rxd1 28. Rxd1 bxc4 29. Nxc4 Kb5 30. Nd6+ Nxd6 31. Rxd6 Kxb4 32. Rxe6 Kxa5 33. Rf6 Rxf6 34. exf6 Kb4 35. f7 Nd7 36. Kd3 a5 37. Kc2 a4 38. Nc1 Kc4 39. Nd3 Kd5 40. Kb2 Nf8 41. g3 Kd4 42. Ne5 c4 43. Nc6+ Kd3 44. Ne5+ Kd4 45. Nc6+ Kd5 46. Ne5 h5 47. Kc3 a3 48. Nxc4 a2 49. Ne3+ Ke4 50. Nc2 Kf3 51. Nd4+ Ke3 52. Nc2+ Ke4 53. Kb2 h4 54. gxh4 Kxf4 55. Kxa2 Kf3 56. h5 f4 57. h6 Kg2 58. Nd4 f3 59. Ne6 f2 0-1

[Event "Brasiliense-ch 45th"]
[Site "Brasilia"]
[Date "2005.11.??"]
[Round "3"]
[White "Reis, Ernesto Guevara"]
[Black "Damasceno, Marlos de Almedia"]
[Result "0-1"]
[WhiteElo "2008"]
[BlackElo "2171"]
[PlyCount "98"]
[EventDate "2005.11.??"]
[EventType "swiss"]
[EventRounds "7"]
[EventCountry "BRA"]
[SourceTitle "EXT 2022"]
[Source "ChessBase"]
[SourceDate "2021.10.06"]
[SourceVersion "1"]
[SourceVersionDate "2021.10.06"]
[SourceQuality "1"]

1. e4 Nc6 2. d4 e5 3. d5 Nce7 4. c4 Ng6 5. Nc3 Bc5 6. Nf3 Nf6 7. Bd3 d6 8. h3 a5 9. 0-0 0-0 10. Ne2 Nh5 11. g4 Nhf4 12. Nxf4 exf4 13. Kg2 Bd7 14. Bd2 Qe7 15. Bc3 c6 16. a3 Nh4+ 17. Nxh4 Qxh4 18. Be1 cxd5 19. exd5 Rfe8 20. f3 Qg5 21. h4 Qf6 22. Qc2 h6 23. Bf2 Bxf2 24. Qxf2 Re3 25. Be4 Bxg4 26. Rfe1 Bd7 27. Rab1 Re8 28. Rxe3 fxe3 29. Qxe3 Bf5 30. Qf4 Qg6+ 31. Kh2 Bxe4 32. Re1 f5 33. fxe4 fxe4 34. Re3 a4 35. Rg3 Qf7 36. Qxf7+ Kxf7 37. b4 axb3 38. Rxb3 Re7 39. Kg2 Kf6 40. Kf2 Ke5 41. Rb6 g5 42. hxg5 hxg5 43. a4 g4 44. a5 Rg7 45. a6 g3+ 46. Kg2 bxa6 47. Rxa6 e3 48. Ra3 Kd4 49. Ra8 Kxc4 0-1